000 00854nam a2200253Ia 4500
005 20251020182505.0
008 200515s9999 xx 000 0 und d
020 _a84-267-0329-1
082 _a628.1/M26
100 _aMarti Miquel, Celedonio
245 0 _aMecánica y automática del agua
260 _aBarcelona
260 _bMarcombo ; Boixareu Editores
260 _c1976
300 _a147 p.
300 _bil., tbl., graf.
500 _a1 ejemplar
520 _aRealza la importancia que tiene el agua en muchos procesos de fabricación, tanto en los servicios de energía, en los de refrigeración u obtención de temperaturas óptimas para el trabajo como en los procesos de mezcla o de simple arrastre o limpieza de las
650 _aAGUA
650 _aMECANICA
650 _aMECANICA AUTOMATICA
942 _cLIB
999 _c1272
_d1272